[Event "GER HS-237 email"]
[Site "GER email"]
[Date "2018.02.10"]
[Round "?"]
[White "Bermueller, Nadine"]
[Black "Kumpf, Dieter"]
[Result "1-0"]
[WhiteElo "2067"]
[BlackElo "1886"]
[PlyCount "97"]
[EventDate "2018.02.19"]
[EventType "tourn (corr)"]
[EventRounds "6"]
[EventCountry "GER"]
[SourceTitle "Corr 2022"]
[Source "ChessBase"]
[SourceDate "2021.10.24"]
[SourceVersion "1"]
[SourceVersionDate "2021.10.24"]
[SourceQuality "1"]

1. e4 c5 2. Nf3 e6 3. d4 cxd4 4. Nxd4 Nf6 5. Nc3 Nc6 6. Ndb5 d6 7. Bf4 e5 8. Bg5 a6 9. Na3 b5 10. Nd5 Be7 11. Bxf6 Bxf6 12. c3 0-0 13. Nc2 Bg5 14. a4 bxa4 15. Rxa4 a5 16. Bc4 Rb8 17. Ra2 Kh8 18. Nce3 g6 19. h4 Bxh4 20. g3 Bg5 21. f4 exf4 22. gxf4 Bh4+ 23. Kf1 g5 24. b3 f5 25. Qh5 fxe4 26. Rah2 Rb7 27. Ke2 Be6 28. Qh6 Bxd5 29. Nxd5 Rff7 30. Qe6 Qf8 31. Kd1 a4 32. b4 a3 33. Qxe4 h6 34. Kc2 Rb8 35. Re2 Qg7 36. Qe6 Rg8 37. b5 Nd8 38. Qxd6 Nb7 39. Qb6 Nd8 40. Rg2 Rb7 41. Qe3 Qf8 42. Qd4+ Qg7 43. Nf6 Rxb5 44. Bxb5 Ne6 45. Qe5 Nxf4 46. Rxh4 Nxg2 47. Ne8 Nxh4 48. Nxg7 Rxg7 49. Bd3 1-0

[Event "GER HS-237 email"]
[Site "GER email"]
[Date "2018.02.10"]
[Round "?"]
[White "Kumpf, Dieter"]
[Black "Granz, Thomas"]
[Result "1/2-1/2"]
[WhiteElo "1886"]
[BlackElo "1901"]
[PlyCount "54"]
[EventDate "2018.02.19"]
[EventType "tourn (corr)"]
[EventRounds "6"]
[EventCountry "GER"]
[SourceTitle "Corr 2022"]
[Source "ChessBase"]
[SourceDate "2021.10.24"]
[SourceVersion "1"]
[SourceVersionDate "2021.10.24"]
[SourceQuality "1"]

1. d4 e6 2. c4 d5 3. Nc3 Nf6 4. Nf3 Be7 5. Bf4 0-0 6. e3 Nbd7 7. Qc2 c5 8. dxc5 Nxc5 9. Be2 dxc4 10. Bxc4 a6 11. a4 b6 12. 0-0 Bb7 13. Ne5 Qc8 14. Rac1 Nh5 15. Rfd1 Rd8 16. Qe2 Nxf4 17. exf4 Rxd1+ 18. Rxd1 Bf6 19. Rd4 Bc6 20. f5 Qc7 21. Nxc6 Qxc6 22. Rd1 Bxc3 23. fxe6 fxe6 24. bxc3 Qxa4 25. Bxe6+ Nxe6 26. Qxe6+ Kh8 27. Re1 Qa3 1/2-1/2

[Event "GER OS-304 email"]
[Site "GER email"]
[Date "2016.11.07"]
[Round "?"]
[White "Kumpf, Dieter"]
[Black "Frenzel, Lothar"]
[Result "1/2-1/2"]
[WhiteElo "1818"]
[BlackElo "1740"]
[PlyCount "90"]
[EventDate "2016.11.11"]
[EventType "tourn (corr)"]
[EventRounds "6"]
[EventCountry "GER"]
[SourceTitle "Corr 2020"]
[Source "ChessBase"]
[SourceDate "2019.09.30"]
[SourceVersion "1"]
[SourceVersionDate "2019.09.30"]
[SourceQuality "1"]

1. d4 d5 2. c4 e6 3. Nf3 Nf6 4. Bg5 Nbd7 5. Nc3 h6 6. Bh4 Be7 7. e3 0-0 8. Rc1 Re8 9. Qc2 a6 10. cxd5 exd5 11. Bd3 c5 12. dxc5 Nxc5 13. 0-0 Nxd3 14. Qxd3 Be6 15. Nd4 Rc8 16. h3 Qd7 17. Rc2 Rc7 18. Rfc1 Rec8 19. f3 Qd6 20. Nce2 Rxc2 21. Rxc2 Rxc2 22. Qxc2 Bd7 23. Bg3 Qb4 24. Be5 Ne8 25. Nc3 Qc4 26. b3 Qc5 27. Qd3 b5 28. Nc2 Bc6 29. Ne2 b4 30. Ncd4 Bb7 31. Nf5 Bf8 32. Nf4 Bc8 33. Ng3 Nd6 34. Nge2 Bb7 35. Kf2 Nb5 36. Qf5 Qe7 37. Bb2 Qh4+ 38. g3 Qd8 39. Qc2 Qb6 40. g4 Bc5 41. Qd2 Qc6 42. Nd4 Nxd4 43. Bxd4 Bxd4 44. exd4 a5 45. Nd3 Qc7 1/2-1/2

[Event "GER OS-304 email"]
[Site "GER email"]
[Date "2016.11.07"]
[Round "?"]
[White "Kumpf, Dieter"]
[Black "Gebauer, Klaus"]
[Result "0-1"]
[WhiteElo "1818"]
[BlackElo "1496"]
[PlyCount "30"]
[EventDate "2016.11.11"]
[EventType "tourn (corr)"]
[EventRounds "6"]
[EventCountry "GER"]
[SourceTitle "Corr 2020"]
[Source "ChessBase"]
[SourceDate "2019.09.30"]
[SourceVersion "1"]
[SourceVersionDate "2019.09.30"]
[SourceQuality "1"]

1. d4 d5 2. Nf3 Nf6 3. c4 e6 4. Nc3 h6 5. Bf4 Bd6 6. Bxd6 Qxd6 7. c5 Qe7 8. e3 0-0 9. Be2 Bd7 10. 0-0 b6 11. b4 bxc5 12. bxc5 a6 13. Qb3 Nc6 14. a3 Rfb8 15. Rfd1 Rxb3 0-1

[Event "GER OS-300 email"]
[Site "GER email"]
[Date "2016.08.12"]
[Round "?"]
[White "Gebauer, Klaus"]
[Black "Kumpf, Dieter"]
[Result "0-1"]
[WhiteElo "1502"]
[BlackElo "1837"]
[PlyCount "76"]
[EventDate "2016.08.17"]
[EventType "tourn (corr)"]
[EventRounds "6"]
[EventCountry "GER"]
[SourceTitle "Corr 2020"]
[Source "ChessBase"]
[SourceDate "2019.09.30"]
[SourceVersion "1"]
[SourceVersionDate "2019.09.30"]
[SourceQuality "1"]

1. d4 d5 2. Nc3 Nf6 3. e3 c5 4. Nf3 Nc6 5. Bb5 e6 6. 0-0 Bd7 7. b3 Rc8 8. h3 cxd4 9. Nxd4 Nxd4 10. Qxd4 Bxb5 11. Nxb5 a6 12. Na3 Qa5 13. Nb1 Rxc2 14. Qd3 Rc6 15. Bb2 Bd6 16. Nd2 0-0 17. e4 Bf4 18. Rfd1 Bxd2 19. Bxf6 dxe4 20. Qxd2 Qxd2 21. Rxd2 gxf6 22. Re1 f5 23. Rd7 Rc2 24. a4 Rb2 25. Rxb7 Rd8 26. Rf1 Rdd2 27. Rb8+ Kg7 28. Kh2 e3 29. Rc8 Rxf2 30. Rxf2 exf2 31. Rc1 f4 32. Rf1 e5 33. b4 e4 34. g4 e3 35. Kg2 e2 36. Kxf2 exf1Q+ 37. Kxf1 Rxb4 38. a5 Ra4 0-1

[Event "GER HS-174 email"]
[Site "GER email"]
[Date "2014.11.03"]
[Round "?"]
[White "Braesel, Walter"]
[Black "Kumpf, Dieter"]
[Result "1/2-1/2"]
[WhiteElo "1895"]
[BlackElo "1824"]
[PlyCount "85"]
[EventDate "2014.11.10"]
[EventType "tourn (corr)"]
[EventRounds "6"]
[EventCountry "GER"]
[SourceTitle "Corr 2020"]
[Source "ChessBase"]
[SourceDate "2019.09.30"]
[SourceVersion "1"]
[SourceVersionDate "2019.09.30"]
[SourceQuality "1"]

1. e4 e5 2. Nf3 Nc6 3. d4 exd4 4. Nxd4 Nf6 5. Nxc6 bxc6 6. e5 Qe7 7. Qe2 Nd5 8. c4 Nb6 9. Nc3 Qe6 10. Qe4 g6 11. Bd3 Ba6 12. b3 Bg7 13. f4 0-0 14. Ba3 f5 15. Qe3 d6 16. c5 Bxd3 17. Qxd3 dxe5 18. cxb6 exf4+ 19. Kf1 Rfd8 20. b7 Rab8 21. Qf3 Rd2 22. Re1 Qd7 23. Ne2 Rxa2 24. Bc5 Qd5 25. Qxd5+ cxd5 26. Nxf4 Rxb7 27. Nxd5 Rxb3 28. Nxc7 a5 29. h4 a4 30. Rh3 Rc2 31. Ne6 Rxh3 32. gxh3 Bf6 33. h5 Kf7 34. hxg6+ hxg6 35. Re3 g5 36. Ba3 f4 37. Re4 Ra2 38. Bc5 Ra1+ 39. Kg2 a3 40. Bxa3 Rxa3 41. Nxf4 gxf4 42. Rxf4 Ke6 43. Rb4 1/2-1/2

[Event "GER HS-162 email"]
[Site "GER email"]
[Date "2014.03.16"]
[Round "?"]
[White "Krebs, Hans Joachim"]
[Black "Kumpf, Dieter"]
[Result "1/2-1/2"]
[WhiteElo "2101"]
[BlackElo "1837"]
[PlyCount "90"]
[EventDate "2014.03.21"]
[EventType "tourn (corr)"]
[EventRounds "6"]
[EventCountry "GER"]
[SourceTitle "Corr 2015"]
[Source "ChessBase"]
[SourceDate "2015.07.17"]
[SourceVersion "1"]
[SourceVersionDate "2015.07.17"]
[SourceQuality "1"]

1. Nf3 d5 2. g3 Nf6 3. Bg2 c6 4. 0-0 Nbd7 5. d3 e5 6. Nbd2 Bd6 7. e4 0-0 8. b3 a5 9. a4 Bb4 10. Bb2 Re8 11. exd5 cxd5 12. Re1 Qc7 13. Rc1 Rb8 14. Nh4 d4 15. c3 dxc3 16. Bxc3 Bxc3 17. Qc2 b6 18. Qxc3 Qxc3 19. Rxc3 Ba6 20. Nhf3 Nd5 21. Rc6 Red8 22. Rd6 Nb4 23. Bf1 f6 24. d4 exd4 25. Bxa6 Nxa6 26. Rxd4 Ndc5 27. Re7 Nb4 28. Ra7 Nc6 29. Rxd8+ Rxd8 30. Rc7 Nb4 31. Kg2 Nd5 32. Rc6 g5 33. h3 h5 34. Nc4 Nxb3 35. Nxb6 g4 36. hxg4 hxg4 37. Nh2 Nd4 38. Rc8 Rxc8 39. Nxc8 f5 40. f3 gxf3+ 41. Nxf3 Ne3+ 42. Kf2 Ng4+ 43. Kg2 Ne3+ 44. Kf2 Ng4+ 45. Kg2 Ne3+ 1/2-1/2

[Event "GER HS-151 email"]
[Site "GER email"]
[Date "2013.07.10"]
[Round "?"]
[White "Kumpf, Dieter"]
[Black "Herzog, Klaus"]
[Result "1-0"]
[WhiteElo "1838"]
[BlackElo "1830"]
[PlyCount "41"]
[EventDate "2013.07.19"]
[EventType "tourn (corr)"]
[EventRounds "6"]
[EventCountry "GER"]
[SourceTitle "Corr 2015"]
[Source "ChessBase"]
[SourceDate "2015.07.17"]
[SourceVersion "1"]
[SourceVersionDate "2015.07.17"]
[SourceQuality "1"]

1. d4 Nf6 2. c4 g6 3. Nf3 Bg7 4. Nc3 0-0 5. e4 d6 6. Be2 e5 7. d5 a5 8. Bg5 Na6 9. Nd2 Qe8 10. 0-0 Bd7 11. Be3 Nc5 12. b3 Qe7 13. a3 Na6 14. Bg5 Rfc8 15. h3 Qd8 16. Qc2 Qe7 17. Qb2 Nc5 18. b4 Na4 19. Nxa4 Bxa4 20. b5 c6 21. Bg4 1-0

[Event "GER HS-151 email"]
[Site "GER email"]
[Date "2013.07.10"]
[Round "?"]
[White "Kumpf, Dieter"]
[Black "Jeute, Volkmar Peter"]
[Result "1/2-1/2"]
[WhiteElo "1838"]
[BlackElo "1973"]
[PlyCount "69"]
[EventDate "2013.07.19"]
[EventType "tourn (corr)"]
[EventRounds "6"]
[EventCountry "GER"]
[SourceTitle "Corr 2015"]
[Source "ChessBase"]
[SourceDate "2015.07.17"]
[SourceVersion "1"]
[SourceVersionDate "2015.07.17"]
[SourceQuality "1"]

1. d4 d5 2. Nc3 Nf6 3. Bf4 Bf5 4. e3 e6 5. Bd3 Bxd3 6. Qxd3 a6 7. Nf3 c5 8. dxc5 Bxc5 9. Rd1 Be7 10. e4 dxe4 11. Qc4 Nbd7 12. Nxe4 Nd5 13. Bg3 b5 14. Qb3 0-0 15. 0-0 Qb6 16. Rfe1 Rad8 17. h3 Nc5 18. Nxc5 Bxc5 19. a3 Bd6 20. Be5 Bc5 21. Bg3 Bd6 22. Be5 Bxe5 23. Nxe5 h6 24. g3 Rfe8 25. c3 Nf6 26. Qc2 Qc7 27. Qe2 Rd5 28. Ng4 Red8 29. Nxf6+ gxf6 30. Rxd5 Rxd5 31. Qf3 Kg7 32. Rd1 Rxd1+ 33. Qxd1 Qc6 34. Qd4 h5 35. Qd1 1/2-1/2

[Event "GER HS-151 email"]
[Site "GER email"]
[Date "2013.07.10"]
[Round "?"]
[White "Kumpf, Dieter"]
[Black "Tassone, Raffaele"]
[Result "1/2-1/2"]
[WhiteElo "1838"]
[BlackElo "1988"]
[PlyCount "144"]
[EventDate "2013.07.19"]
[EventType "tourn (corr)"]
[EventRounds "6"]
[EventCountry "GER"]
[SourceTitle "Corr 2015"]
[Source "ChessBase"]
[SourceDate "2015.07.17"]
[SourceVersion "1"]
[SourceVersionDate "2015.07.17"]
[SourceQuality "1"]

1. d4 d5 2. c4 c6 3. Nf3 e6 4. Nc3 Nf6 5. e3 Nbd7 6. Bd3 dxc4 7. Bxc4 b5 8. Be2 Bb7 9. 0-0 Be7 10. e4 b4 11. e5 bxc3 12. exf6 Bxf6 13. bxc3 c5 14. Rb1 Be4 15. Bd3 Bxd3 16. Qxd3 0-0 17. Rb5 cxd4 18. cxd4 a6 19. Rb1 Qa5 20. Qa3 Qxa3 21. Bxa3 Rfb8 22. Rxb8+ Rxb8 23. Rc1 h5 24. h4 Rb5 25. g3 Ra5 26. Bd6 Rd5 27. Rc6 a5 28. Bc5 Nxc5 29. Rc8+ Kh7 30. Rxc5 Kg6 31. Kf1 Kf5 32. Rc7 Ke4 33. Nd2+ Kxd4 34. Nb3+ Kd3 35. Nc1+ Ke4 36. Ke2 Kf5 37. Nd3 e5 38. Rxf7 Rd4 39. Rc7 Re4+ 40. Kf1 Ra4 41. Rc2 Be7 42. Ke2 e4 43. Nc5 Ra3 44. Nb3 Bb4 45. Nd4+ Ke5 46. Nb5 Rd3 47. a4 Rb3 48. Rc7 g6 49. Rc4 Rb2+ 50. Ke3 Bd2+ 51. Ke2 Bh6+ 52. Ke1 Rb1+ 53. Ke2 Rc1 54. Nc3 Rc2+ 55. Kd1 Rd2+ 56. Ke1 Rd4 57. Rc8 Bd2+ 58. Ke2 Bxc3 59. Rxc3 Rxa4 60. Rc6 Ra2+ 61. Ke3 Ra3+ 62. Ke2 a4 63. Rxg6 Rb3 64. g4 hxg4 65. h5 a3 66. h6 Rb2+ 67. Ke3 Rb3+ 68. Ke2 Rh3 69. Ra6 Kf5 70. h7 Rxh7 71. Rxa3 Rh2 72. Kf1 Rh6 1/2-1/2

[Event "GER HS-151 email"]
[Site "GER email"]
[Date "2013.07.10"]
[Round "?"]
[White "Mayer, Johann"]
[Black "Kumpf, Dieter"]
[Result "1-0"]
[WhiteElo "1915"]
[BlackElo "1838"]
[PlyCount "95"]
[EventDate "2013.07.19"]
[EventType "tourn (corr)"]
[EventRounds "6"]
[EventCountry "GER"]
[SourceTitle "Corr 2015"]
[Source "ChessBase"]
[SourceDate "2015.07.17"]
[SourceVersion "1"]
[SourceVersionDate "2015.07.17"]
[SourceQuality "1"]

1. e4 e6 2. d4 d5 3. Nc3 Nf6 4. Bg5 Be7 5. e5 Nfd7 6. h4 Bxg5 7. hxg5 Qxg5 8. Qd3 Qg6 9. Qxg6 fxg6 10. Nf3 a6 11. Bd3 Nf8 12. Kd2 Nc6 13. a3 Bd7 14. g4 0-0-0 15. Ne2 Be8 16. b4 h6 17. c3 Rd7 18. a4 a5 19. Rab1 axb4 20. cxb4 Rf7 21. Ke3 Nd7 22. Ng5 Re7 23. f4 Rf8 24. Nf3 Nb6 25. Nh4 Nc4+ 26. Bxc4 dxc4 27. b5 Na5 28. Nf3 Kb8 29. Nd2 Ref7 30. Rhf1 g5 31. fxg5 Rxf1 32. Rxf1 Rxf1 33. Nxf1 hxg5 34. Kd2 Ka7 35. Kc3 c6 36. Kb4 Kb6 37. Nc3 Bg6 38. Nd2 Bd3 39. Nf3 Nb3 40. a5+ Ka7 41. b6+ Kb8 42. Nxg5 Nxd4 43. Na4 Be2 44. Nc5 Bxg4 45. Kxc4 Nf3 46. Nf7 Bh3 47. Kc3 g5 48. Nd6 1-0

[Event "GER OS-216 email"]
[Site "GER email"]
[Date "2013.04.23"]
[Round "?"]
[White "Kumpf, Dieter"]
[Black "Schatz, Dieter"]
[Result "1-0"]
[WhiteElo "1737"]
[BlackElo "1719"]
[PlyCount "83"]
[EventDate "2013.05.01"]
[EventType "tourn (corr)"]
[EventRounds "6"]
[EventCountry "GER"]
[SourceTitle "Corr 2015"]
[Source "ChessBase"]
[SourceDate "2015.07.17"]
[SourceVersion "1"]
[SourceVersionDate "2015.07.17"]
[SourceQuality "1"]

1. d4 d5 2. Nf3 Nf6 3. c4 dxc4 4. e3 e6 5. Bxc4 c5 6. 0-0 a6 7. dxc5 Qxd1 8. Rxd1 Bxc5 9. Be2 Nc6 10. a3 b5 11. b4 Be7 12. Bb2 Bb7 13. Nbd2 0-0 14. Rac1 Rfd8 15. Nb3 Rxd1+ 16. Rxd1 Rc8 17. Rc1 Nd7 18. Ne1 Na7 19. Rd1 Bd5 20. e4 Bxb3 21. Rxd7 Nc6 22. Rb7 Bf6 23. Bxf6 gxf6 24. f4 Kg7 25. Bh5 e5 26. Bg4 Ra8 27. Bd7 Nd4 28. fxe5 fxe5 29. Nd3 Bc2 30. Nc5 Kg6 31. Rb6+ f6 32. h4 a5 33. Bxb5 axb4 34. axb4 Ra1+ 35. Bf1 Ne2+ 36. Kf2 Nc3 37. g4 Bxe4 38. g5 Kh5 39. gxf6 Bd5 40. Rd6 Kxh4 41. Rxd5 Nxd5 42. f7 1-0

[Event "GER OS-216 email"]
[Site "GER email"]
[Date "2013.04.23"]
[Round "?"]
[White "Schuster, Klaus Dieter"]
[Black "Kumpf, Dieter"]
[Result "0-1"]
[WhiteElo "1498"]
[BlackElo "1737"]
[PlyCount "100"]
[EventDate "2013.05.01"]
[EventType "tourn (corr)"]
[EventRounds "6"]
[EventCountry "GER"]
[SourceTitle "Corr 2015"]
[Source "ChessBase"]
[SourceDate "2015.07.17"]
[SourceVersion "1"]
[SourceVersionDate "2015.07.17"]
[SourceQuality "1"]

1. d4 d5 2. Nc3 Nf6 3. Bf4 c5 4. Nf3 Nc6 5. e3 Bg4 6. Bb5 e6 7. h3 Bxf3 8. Qxf3 cxd4 9. exd4 Rc8 10. 0-0 Bd6 11. Bg5 h6 12. Bh4 a6 13. Bxc6+ Rxc6 14. a3 0-0 15. Rfd1 Be7 16. Rab1 Qb6 17. Na4 Qa7 18. Nc3 Rfc8 19. a4 Rc4 20. Qd3 Qb6 21. Qe3 Qc6 22. Ra1 Ng4 23. Qg3 Bxh4 24. Qxh4 Nf6 25. Qf4 b5 26. axb5 axb5 27. Rdc1 Qb6 28. Qe3 Qxd4 29. Qxd4 Rxd4 30. Nxb5 Rb4 31. Nd6 Rd8 32. Ra6 Nd7 33. Ra7 Ne5 34. Re1 Rxd6 35. Rxe5 Rxb2 36. Rc7 Rbb6 37. c4 dxc4 38. Rxc4 Rd1+ 39. Kh2 Rb2 40. Rf4 g5 41. Rf3 Rf1 42. h4 gxh4 43. Rh5 Rfxf2 44. Rxf2 Rxf2 45. Rxh4 Kh7 46. Kg1 Rb2 47. Re4 h5 48. Kh2 Rb5 49. Ra4 e5 50. Kh3 Kg6 0-1

[Event "GER OS-206 email"]
[Site "GER email"]
[Date "2012.12.10"]
[Round "?"]
[White "Richter, Frank"]
[Black "Kumpf, Dieter"]
[Result "0-1"]
[WhiteElo "1419"]
[BlackElo "1737"]
[PlyCount "98"]
[EventDate "2012.12.17"]
[EventType "tourn (corr)"]
[EventRounds "6"]
[EventCountry "GER"]
[SourceTitle "Corr 2015"]
[Source "ChessBase"]
[SourceDate "2015.07.17"]
[SourceVersion "1"]
[SourceVersionDate "2015.07.17"]
[SourceQuality "1"]

1. d4 d5 2. Nc3 Nf6 3. Nf3 Bf5 4. Bg5 Ne4 5. e3 Nxg5 6. Nxg5 e5 7. h4 h6 8. Qf3 Bg6 9. Nh3 c6 10. dxe5 Nd7 11. 0-0-0 Nxe5 12. Qg3 Qc7 13. h5 Bf5 14. Be2 0-0-0 15. e4 dxe4 16. Rxd8+ Kxd8 17. Ng5 Kc8 18. Ngxe4 Bh7 19. Qe3 Kb8 20. Nc5 Bf5 21. Rd1 Be7 22. N3e4 Bc8 23. Qb3 Ka8 24. f4 Nd7 25. Qxf7 Nxc5 26. Nxc5 Rf8 27. Qxg7 Qxf4+ 28. Kb1 Bxc5 29. Bf3 Bf5 30. Qc3 Bb4 31. Qd4 Qxd4 32. Rxd4 Be7 33. a4 Bg5 34. Ka2 Bxc2 35. a5 a6 36. Rc4 Bf5 37. Rd4 Be6+ 38. Kb1 Rd8 39. Rd1 Rxd1+ 40. Bxd1 Bd8 41. g4 Bxa5 42. Kc2 Bd8 43. Kd3 Kb8 44. Ke3 Bf6 45. b4 Kc7 46. Be2 Kd6 47. Ke4 c5 48. b5 axb5 49. Bxb5 Bxg4 0-1

[Event "GER OS-199 email"]
[Site "GER email"]
[Date "2012.09.10"]
[Round "?"]
[White "Durner, David"]
[Black "Kumpf, Dieter"]
[Result "0-1"]
[WhiteElo "1514"]
[BlackElo "1811"]
[PlyCount "76"]
[EventDate "2012.09.17"]
[EventType "tourn (corr)"]
[EventRounds "6"]
[EventCountry "GER"]
[SourceTitle "Corr 2015"]
[Source "ChessBase"]
[SourceDate "2015.07.17"]
[SourceVersion "1"]
[SourceVersionDate "2015.07.17"]
[SourceQuality "1"]

1. e4 e5 2. Nf3 Nc6 3. Bb5 a6 4. Bxc6 dxc6 5. 0-0 Qf6 6. d4 exd4 7. Bg5 Qd6 8. Nxd4 Be7 9. Bxe7 Nxe7 10. Nc3 0-0 11. Nb3 Qf6 12. Qd3 Ng6 13. Qg3 Nf4 14. Rfe1 Rd8 15. Rad1 Be6 16. Nc5 Rxd1 17. Rxd1 b5 18. Nxa6 h5 19. Nxc7 b4 20. Nxa8 bxc3 21. Qe3 cxb2 22. a4 Ba2 23. g3 Ne6 24. Qb6 Qc3 25. Qb8+ Kh7 26. Rf1 Qxc2 27. Qb6 b1Q 28. Rxb1 Bxb1 29. Kg2 Nc5 30. h4 Qc1 31. f3 Bd3 32. g4 Qf1+ 33. Kg3 hxg4 34. fxg4 Qe1+ 35. Kf3 Bxe4+ 36. Kf4 Qf2+ 37. Kg5 Qe3+ 38. Kh5 g6# 0-1

[Event "GER OS-199 email"]
[Site "GER email"]
[Date "2012.09.10"]
[Round "?"]
[White "Kumpf, Dieter"]
[Black "Rund, Hans Juergen"]
[Result "1/2-1/2"]
[WhiteElo "1811"]
[BlackElo "1892"]
[PlyCount "71"]
[EventDate "2012.09.17"]
[EventType "tourn (corr)"]
[EventRounds "6"]
[EventCountry "GER"]
[SourceTitle "Corr 2015"]
[Source "ChessBase"]
[SourceDate "2015.07.17"]
[SourceVersion "1"]
[SourceVersionDate "2015.07.17"]
[SourceQuality "1"]

1. d4 d5 2. Nf3 Nf6 3. c4 c6 4. e3 Bf5 5. Nc3 h6 6. Qb3 Qb6 7. cxd5 Qxb3 8. axb3 Nxd5 9. e4 Nxc3 10. exf5 Nd5 11. Bd2 e6 12. Bc4 Bd6 13. fxe6 fxe6 14. 0-0 0-0 15. Rfe1 Kf7 16. g3 Nd7 17. Kg2 Rfe8 18. Bc3 Re7 19. h4 g6 20. Nd2 N7f6 21. Bd3 Bb4 22. Rac1 Kg7 23. Nc4 Nd7 24. Be4 N7f6 25. Bf3 Rae8 26. Ne5 Bd6 27. Nc4 Bb4 28. Re2 Rf8 29. Rec2 Rfe8 30. Re1 Rd8 31. Ra1 Ra8 32. Ne5 Bd6 33. Re2 Bb4 34. Rc2 Bd6 35. Re2 Bb4 36. Rc2 1/2-1/2

[Event "GER OS-199 email"]
[Site "GER email"]
[Date "2012.09.10"]
[Round "?"]
[White "Ziechaus, Lothar"]
[Black "Kumpf, Dieter"]
[Result "0-1"]
[WhiteElo "1646"]
[BlackElo "1811"]
[PlyCount "130"]
[EventDate "2012.09.17"]
[EventType "tourn (corr)"]
[EventRounds "6"]
[EventCountry "GER"]
[SourceTitle "Corr 2015"]
[Source "ChessBase"]
[SourceDate "2015.07.17"]
[SourceVersion "1"]
[SourceVersionDate "2015.07.17"]
[SourceQuality "1"]

1. e4 e6 2. d4 d5 3. Nd2 c5 4. Ngf3 Nc6 5. Bb5 a6 6. Bxc6+ bxc6 7. c3 Nf6 8. e5 Nd7 9. 0-0 cxd4 10. cxd4 a5 11. Qc2 Qb6 12. Nb1 Ba6 13. Rd1 c5 14. Nc3 Rc8 15. Bg5 cxd4 16. Rxd4 Bc5 17. Rh4 Bd3 18. Qd2 Bg6 19. Na4 Qb5 20. Nxc5 Nxc5 21. Be3 Ne4 22. Nd4 Qa6 23. Qe1 0-0 24. Rd1 a4 25. Bd2 Rc4 26. Bb4 Rb8 27. Ba3 Qb6 28. Qe3 Rbc8 29. h3 h6 30. Rf4 Qb8 31. f3 Nc3 32. Rd2 Nxa2 33. Bd6 Qb6 34. Kf2 Nc1 35. Rg4 h5 36. Rxg6 fxg6 37. Nxe6 Qxe3+ 38. Kxe3 Rc2 39. Ng5 Rxd2 40. Kxd2 Nb3+ 41. Kd3 Na5 42. Kd4 Nc4 43. Kxd5 Nxb2 44. e6 Nc4 45. Bc5 a3 46. Bxa3 Nxa3 47. e7 Nb5 48. Ke6 Ra8 49. Kd7 Ra7+ 50. Kd8 Nd6 51. e8Q+ Nxe8 52. Kxe8 h4 53. Ne4 Ra2 54. g4 hxg3 55. Nxg3 Ra3 56. Ne4 Rxf3 57. Kd7 Rxh3 58. Kd6 Rf3 59. Ke5 Rf5+ 60. Ke6 Kh7 61. Nc3 Rf4 62. Ke5 g5 63. Nd5 Rf3 64. Ke4 g4 65. Nf4 g5 0-1